| 000 | 01545nam a2200373Ia 4500 | ||
|---|---|---|---|
| 001 | ebr10689980 | ||
| 003 | CaPaEBR | ||
| 006 | m u | ||
| 007 | cr cn||||||||| | ||
| 008 | 121212s2013 inu s 000 0 eng c | ||
| 010 | _z 2012049483 | ||
| 020 | _z9780253008138 (cloth : alk. paper) | ||
| 020 | _z9780253008220 (pbk. : alk. paper) | ||
| 020 | _z9780253008275 (ebook) | ||
| 040 |
_aCaPaEBR _cCaPaEBR |
||
| 035 | _a(OCoLC)841794253 | ||
| 050 | 1 | 4 |
_aDS135.B382 _bM563 2013eb |
| 082 | 0 | 4 |
_a305.892/40478609041 _223 |
| 100 | 1 | _aBemporad, Elissa. | |
| 245 | 1 | 0 |
_aBecoming Soviet Jews _h[electronic resource] : _bthe Bolshevik experiment in Minsk / _cElissa Bemporad. |
| 260 |
_aBloomington : _bIndiana University Press, _c2013. |
||
| 300 | _axi, 276 p. | ||
| 490 | 1 | _aHelen B. Schwartz book in Jewish studies | |
| 533 |
_aElectronic reproduction. _bPalo Alto, Calif. : _cebrary, _d2013. _nAvailable via World Wide Web. _nAccess may be limited to ebrary affiliated libraries. |
||
| 650 | 0 |
_aJews, Soviet _zBelarus _zMinsk _xHistory. |
|
| 650 | 0 |
_aJews _zBelarus _zMinsk _xSocial life and customs _y20th century. |
|
| 650 | 0 |
_aJews _xCultural assimilation _zSoviet Union. |
|
| 650 | 0 |
_aJews _zSoviet Union _xIdentity. |
|
| 650 | 0 |
_aCommunism and Judaism _zBelarus _zMinsk. |
|
| 655 | 7 |
_aElectronic books. _2local |
|
| 710 | 2 | _aebrary, Inc. | |
| 830 | 0 | _aHelen B. Schwartz book in Jewish studies. | |
| 856 | 4 | 0 |
_uhttp://site.ebrary.com/lib/rucke/Doc?id=10689980 _zAn electronic book accessible through the World Wide Web; click to view |
| 999 |
_c11068 _d11068 |
||